000 00740cam a2200217 a 4500
001 000009849
005 20200929161730.0
008 910118s1990 ck 001 p spa
040 _aDO-SdBNP
_cDLC
082 _aA861.44
_bS677p
100 1 _aSobrón, Luis María,
_d1931-
_924771
245 1 0 _aPoemas de la vida y la palabra /
_cLuis María Sobrón ; prólogo Cándido Aráus.
260 _aBogotá :
_bInstituto Caro y Cuervo,
_c1990.
300 _axvii, 172 p. ;
_c20 cm.
490 1 _aLa Granada Entreabierta
_v52
650 4 _aPoesía argentina
_93859
650 4 _aLiteratura argentina
_93860
700 1 _aAráus, Cándido,
_epról.
_924772
830 0 _aLa Granada Entreabierta ;
_v52
_921477
910 _aCatalogación por copia / LC
999 _c9608
_d9608